[Event "AUT-ch Open 2020"]
[Site "Graz"]
[Date "2020.02.14"]
[Round "1.35"]
[White "Karthikeyan, P.."]
[Black "Redzisz, Michal"]
[Result "1-0"]
[WhiteElo "2406"]
[BlackElo "2115"]
[Annotator "TA"]
[PlyCount "59"]
[EventDate "2020.02.14"]
[EventType "swiss"]
[EventCountry "AUT"]
[SourceTitle "playchess.com"]
[Source "ChessBase"]
[SourceQuality "1"]

{[%evp 9,59,41,43,41,44,41,62,66,75,61,77,81,106,41,135,138,142,54,88,74,188,128,197,157,191,92,106,118,268,283,273,261,273,282,282,270,277,270,276,275,472,456,598,575,1756,1670,1722,1113,29991,29991,29992,29993]} 1. e4 c6 2. d4 d5 3. e5 c5 4. Nf3 e6 5. c3 Nc6 6. Bd3 {B12: Caro-Kann: Advance Variation.} Nge7 7. O-O Ng6 8. g3 {White is slightly better.} Be7 9. h4 {[#]} O-O $146 ({Predecessor:} 9... Nf8 10. a3 a5 11. Be3 Nd7 12. Nbd2 h6 13. Ne1 O-O 14. Ng2 f5 15. Nf4 Ndxe5 16. dxe5 {1-0 (31) Huerga,A (2262)-Canizares Cuadra,P (2214) LSS email 2014}) 10. h5 Nh8 11. dxc5 (11. Qc2 $16 {[%csl Gc2][%cal Rd3h7]} g6 12. Bh6) 11... Bxc5 {[#]} ({Black should try} 11... f6 $14) 12. Qc2 $1 $16 {[%csl Gc2][%cal Rd3h7]} g6 13. Bh6 (13. b4 $16 Be7 14. Bh6) 13... Re8 14. Nbd2 $40 {[%mdl 128] White is out for blood.} b6 (14... f5 $16) 15. Nb3 (15. Kg2 $18) 15... Bf8 (15... f5 $16 {might work better.}) 16. Bf4 $18 f5 17. exf6 (17. Bb5 $18 {is more deadly.} Bd7 18. hxg6 Nxg6 19. Bxc6 Bxc6 20. Bg5) 17... Qxf6 $16 {White must now prevent ...e5.} 18. Bb5 Bd7 {[#]} (18... e5 $16) 19. Bxc6 $1 $18 Bxc6 20. Nbd4 Bb7 21. Be5 Qe7 22. Rfe1 gxh5 23. Bxh8 $1 Kxh8 24. Rxe6 Qd7 $2 (24... Qg7 25. Rae1 Rxe6 26. Rxe6 (26. Nxe6 Qf7 $18) 26... Bc5) 25. Rae1 Rxe6 26. Rxe6 Re8 27. Qf5 {White wants to mate with Ne5.} Bg7 28. Ne5 Qa4 29. b3 Rxe6 30. Qxe6 {Accuracy: White = 66%, Black = 37%.} 1-0

[Event "AUT-ch Open 2020"]
[Site "Graz"]
[Date "2020.02.14"]
[Round "1.36"]
[White "Golecki, Jan"]
[Black "Ioannidis, Evgenios"]
[Result "0-1"]
[WhiteElo "2112"]
[BlackElo "2399"]
[Annotator "TA"]
[PlyCount "44"]
[EventDate "2020.02.14"]
[EventType "swiss"]
[EventCountry "AUT"]
[SourceTitle "playchess.com"]
[Source "ChessBase"]
[SourceQuality "1"]

{[%evp 9,44,25,21,13,29,33,33,22,25,18,26,23,34,-30,0,0,0,0,37,0,61,-191,-163,-210,-195,-29987,-29988,-29988,-29989,-29995,-29995,-29995,-29995,-29997,-29998,-29998,-29999]} 1. e4 e6 2. d4 d5 3. Nd2 h6 4. Ngf3 Nf6 5. Bd3 c5 6. exd5 {C03: French Tarrasch: Unusual Black 3rd moves.} exd5 7. dxc5 Bxc5 8. Nb3 {White is slightly better.} Be7 9. O-O O-O {[#]} 10. Nbd4 $146 ({Predecessor:} 10. Nfd4 Nc6 11. Nf5 Bxf5 12. Bxf5 Bd6 13. Be3 Re8 14. g3 Ne5 15. Nd2 Qc7 16. c3 {0-1 (64) Bakhmatsky,V (2446)-Shtembuliak,E (2478) Rivne 2016}) 10... Nc6 11. Nf5 (11. c3 $14) 11... Bc5 (11... Bxf5 $5 12. Bxf5 Bc5 $11) 12. Nxg7 Kxg7 {[#]} 13. Bxh6+ $1 {[%mdl 512]} Kh8 {White must now prevent ...Rg8.} (13... Kxh6 14. Qd2+) 14. Qc1 Ne4 (14... Bg4 $11) 15. c4 $2 {[%mdl 8192]} (15. Bxf8 $14 {keeps the upper hand.} Bxf8 16. Bxe4 dxe4 17. Ng5 {[%mdl 64] Double Attack}) 15... Rg8 $19 {Hoping for ...Bh3.} 16. cxd5 Qxd5 17. Qc2 $2 {[#]} (17. Ne1 $19 Bf5 18. Be3) 17... Rxg2+ $1 {[%mdl 576] Remove Defender. Black mates.} 18. Kxg2 {[#]} Bh3+ $1 {[%mdl 576] Skewer, Decoy} 19. Kxh3 Qf5+ 20. Kh4 Be7+ 21. Bg5 Qf4+ 22. Kh5 Qxf3+ {Accuracy: White = 53%, Black = 80%.} 0-1

[Event "AUT-ch Open 2020"]
[Site "Graz"]
[Date "2020.02.15"]
[Round "2.1"]
[White "Kozak, Antoni"]
[Black "Socko, Bartosz"]
[Result "1/2-1/2"]
[WhiteElo "2619"]
[BlackElo "2619"]
[Annotator "TA"]
[PlyCount "100"]
[EventDate "2020.02.14"]
[EventType "swiss"]
[EventCountry "AUT"]
[SourceTitle "playchess.com"]
[Source "ChessBase"]
[SourceQuality "1"]

{[%evp 9,100,14,37,24,12,19,23,21,20,7,21,17,17,13,28,0,0,0,14,15,26,37,33,43,36,25,33,18,9,22,38,25,32,7,9,14,11,12,7,4,15,0,0,0,0,0,0,0,9,2,9,4,38,17,27,29,44,0,0,0,0,0,2,6,18,0,0,0,37,0,17,17,21,0,0,0,0,0,0,0,0,0,0,0,0,0,0,0,0,0,0,0,0]} 1. e4 c6 2. d4 d5 3. exd5 cxd5 4. Bd3 Nc6 5. c3 g6 6. Bf4 {B13: Caro-Kann: Exchange Variation and Panov-Botvinnik Attack.} Bh6 {[#]} 7. Ne2 $146 ({Predecessor:} 7. Bxh6 Nxh6 8. Nd2 f6 9. Ngf3 O-O 10. Qb3 Nf7 11. O-O-O e5 12. dxe5 fxe5 13. Bc2 Qa5 {½-½ (58) Plat,V (2547)-Ankit,R (2447) Teplice 2019}) 7... Bxf4 8. Nxf4 {White has an edge.} Qd6 9. g3 Nf6 10. Nd2 O-O 11. O-O Bg4 12. Be2 Bxe2 13. Qxe2 Rfe8 14. Nf3 e5 15. dxe5 Nxe5 16. Rad1 Rad8 17. Nxe5 Rxe5 18. Qb5 a6 19. Qb3 Qe7 20. Rd4 Kg7 21. Qb4 Qc7 22. Rfd1 b5 23. a4 Qc6 24. axb5 axb5 25. Nd3 Re2 26. Nf4 Re5 27. h4 Rde8 28. Qb3 Re1+ 29. Kh2 h5 30. Qc2 Qa8 31. Qd2 (31. f3 {is more complex.} R1e3 32. Qf2 R8e7 33. R4d3 R3e5 34. Kg2) 31... Rxd1 32. Qxd1 {[%cal Rf4d5]} Re5 33. Nd3 Re4 34. Nc5 Re7 35. Kg2 Qc6 36. Nd3 Qe8 37. Nf4 Re1 38. Qd2 Kh7 39. Rd3 Qe4+ {The position is equal.} 40. f3 Qe7 41. Kf2 Rb1 42. Nxd5 Nxd5 43. Rxd5 $11 {[%mdl 4096] Endgame KQR-KQR} Qa7+ 44. Qd4 Rxb2+ 45. Ke3 $1 Qa2 46. Rd8 {[%csl Gd4][%cal Rd8h8] [#]} Qe6+ $1 47. Kf4 {[%csl Gd4][%cal Rd8h8]} Qf5+ 48. Ke3 {[%csl Gd4][%cal Rd8h8]} Qe6+ 49. Kf4 {[%csl Gd4][%cal Rd8h8]} Qf5+ 50. Ke3 {[%csl Gd4][%cal Rd8h8] [#]} Qe6+ {Accuracy: White = 89%, Black = 95%.} 1/2-1/2

[Event "AUT-ch Open 2020"]
[Site "Graz"]
[Date "2020.02.15"]
[Round "2.1"]
[White "Farkas, Otto Jr."]
[Black "Santiago, Yago De Moura"]
[Result "0-1"]
[WhiteElo "1980"]
[BlackElo "2488"]
[Annotator "ChessBase"]
[PlyCount "110"]
[EventDate "2020.02.14"]
[EventType "swiss"]
[EventCountry "AUT"]
[SourceTitle "playchess.com"]
[Source "ChessBase"]
[SourceQuality "1"]
[TimeControl "40/5400+30:1800+30"]

1. e4 {[%emt 0:00:00]} g6 {[%emt 0:00:00]} 2. d4 {[%emt 0:00:03]} Bg7 {[%emt 0:00:00]} 3. c4 {[%emt 0:00:12]} d6 {[%emt 0:00:10]} 4. Nc3 {[%emt 0:00:13]} e5 {[%emt 0:02:45]} 5. d5 {[%emt 0:00:26]} f5 {[%emt 0:00:31]} 6. exf5 {[%emt 0:02:43]} Bxf5 {[%emt 0:01:14]} 7. Bd3 {[%emt 0:00:28]} Nf6 {[%emt 0:02:38]} 8. Bg5 {[%emt 0:02:23]} O-O {[%emt 0:02:40]} 9. Nge2 {[%emt 0:02:51]} Qe8 {[%emt 0:09:23]} 10. O-O {[%emt 0:02:55]} Nfd7 {[%emt 0:00:56]} 11. Ng3 {[%emt 0:04:06]} Nc5 {[%emt 0:00:25]} 12. Be2 {[%emt 0:01:15]} a5 {[%emt 0:01:05]} 13. Be3 {[%emt 0:01:00]} Nba6 {[%emt 0:01:59]} 14. Qd2 {[%emt 0:04:30]} a4 {[%emt 0:03:19]} 15. f3 {[%emt 0:00:30]} b6 {[%emt 0:07:36]} 16. Nge4 {[%emt 0:02:04]} Nxe4 {[%emt 0:00:46]} 17. fxe4 {[%emt 0:01:08]} Bd7 {[%emt 0:00:16]} 18. Rxf8+ {[%emt 0:00:04]} Bxf8 {[%emt 0:00:21]} 19. Rf1 {[%emt 0:00:15]} Nc5 {[%emt 0:00:44]} 20. Qc2 {[%emt 0:02:56]} Be7 {[%emt 0:05:30]} 21. Qc1 {[%emt 0:11:44]} Qd8 {[%emt 0:04:44]} 22. Bd1 {[%emt 0:04:46]} Bf6 {[%emt 0:04:48]} 23. Bc2 {[%emt 0:01:15]} Qe7 {[%emt 0:01:13]} 24. Qd1 {[%emt 0:10:31]} Bg5 {[%emt 0:00:46]} 25. Bxc5 {[%emt 0:09:46]} bxc5 {[%emt 0:00:35]} 26. Bxa4 {[%emt 0:00:11]} Be3+ {[%emt 0:03:07]} 27. Kh1 {[%emt 0:00:13]} Bxa4 {[%emt 0:00:12]} 28. Nxa4 {[%emt 0:00:20]} Qh4 {[%emt 0:01:30]} 29. Nc3 {[%emt 0:10:17]} Bf4 {[%emt 0:00:40]} 30. g3 {[%emt 0:03:04]} Bxg3 {[%emt 0:00:09]} 31. Qe2 {[%emt 0:00:26]} Bf4 {[%emt 0:05:21]} 32. b3 {[%emt 0:01:56]} Rf8 {[%emt 0:08:02]} 33. Nb5 {[%emt 0:03:29]} Rf7 {[%emt 0:00:36]} 34. Qf2 {[%emt 0:03:40]} Qh3 {[%emt 0:01:13]} 35. Qg2 {[%emt 0:00:23]} Qh5 {[%emt 0:02:03]} 36. h3 {[%emt 0:00:49]} Qh4 {[%emt 0:02:43]} 37. Qg4 {[%emt 0:00:39]} Qd8 {[%emt 0:00:07]} 38. a4 {[%emt 0:00:28]} Qa8 {[%emt 0:00:33]} 39. Qe6 {[%emt 0:03:32]} Qa5 {[%emt 0:02:36]} 40. Qg4 {[%emt 0:00:39]} Qd2 {[%emt 0:04:47]} 41. Qg2 {[%emt 0:30:51]} Qd3 {[%emt 0:30:08]} 42. Qf3 {[%emt 0:00:42]} Qc2 {[%emt 0:05:14]} 43. Rf2 {[%emt 0:01:04]} Qb1+ {[%emt 0:00:07]} 44. Rf1 {[%emt 0:00:27]} Qb2 {[%emt 0:00:05]} 45. Rf2 {[%emt 0:00:30]} Qc1+ {[%emt 0:00:05]} 46. Rf1 {[%emt 0:00:13]} Qd2 {[%emt 0:00:06]} 47. Qg2 {[%emt 0:00:19]} Qa5 {[%emt 0:02:01]} 48. Qg4 {[%emt 0:00:40]} Kg7 {[%emt 0:01:50]} 49. Qf3 {[%emt 0:00:42]} Qa8 {[%emt 0:07:57]} 50. Qg4 {[%emt 0:01:11]} Qf8 {[%emt 0:07:12]} 51. Qe6 {[%emt 0:01:03]} Qd8 {[%emt 0:02:11]} 52. Qg4 {[%emt 0:01:40]} Qf8 {[%emt 0:00:00]} 53. Qe6 {[%emt 0:00:00]} h5 {[%emt 0:00:00]} 54. Rg1 {[%emt 0:00:00]} Bg3 {[%emt 0:00:00]} 55. Nxc7 {[%emt 0:00:00]} Rf2 {[%emt 0:00:00]} 0-1

[Event "AUT-ch Open 2020"]
[Site "Graz"]
[Date "2020.02.15"]
[Round "2.2"]
[White "Martinez Alcantara, Jose Eduardo"]
[Black "Banzea, Alexandru-Bogdan"]
[Result "1-0"]
[WhiteElo "2617"]
[BlackElo "2368"]
[Annotator "TA"]
[PlyCount "95"]
[EventDate "2020.02.14"]
[EventType "swiss"]
[EventCountry "AUT"]
[SourceTitle "playchess.com"]
[Source "ChessBase"]
[SourceQuality "1"]

{[%evp 17,95,32,33,21,31,21,34,27,22,23,33,16,16,8,12,7,0,0,0,-4,-7,-18,12,12,42,42,43,42,47,36,47,33,39,16,39,24,25,25,25,25,63,39,114,114,122,110,183,89,112,112,163,122,301,160,257,208,208,208,178,138,147,118,261,255,233,231,804,525,902,895,852,850,5543,5427,2597,2485,29972,29971,29986,29985]} 1. e4 c5 2. Nf3 d6 3. d4 cxd4 4. Nxd4 Nf6 5. Nc3 a6 6. Be3 e5 7. Nb3 Be6 8. f3 h5 9. Qd2 Nbd7 10. Nd5 {B90: Sicilian Najdorf: Unusual White 6th moves, 6 Be3 Ng4 and 6 Be3 e5.} Bxd5 11. exd5 g6 12. Be2 {White is slightly better. 12.0-0-0 might become the main line.} Bg7 13. O-O O-O 14. c4 a5 15. a4 b6 {[#]} 16. Qc2 $146 ({Predecessor:} 16. Rae1 Qc7 17. Kh1 Rae8 18. Qd1 h4 19. f4 exf4 20. Bxf4 Ne4 21. Bd3 Nec5 22. Nxc5 Nxc5 {0-1 (62) Tari,A (2618)-Saric,I (2689) Batumi 2018}) 16... Rc8 17. Rad1 Re8 18. Bg5 Qc7 19. Kh1 Nc5 20. Nxc5 bxc5 21. Bd3 Rb8 22. b3 Nh7 23. Bd2 Nf6 24. g3 Rb7 25. h3 Qd8 26. h4 Nd7 27. Rde1 f5 28. Qd1 Rb4 29. Bc2 Qe7 (29... Rb7 $14) 30. Kg2 $16 Bf6 31. Re2 Kh8 (31... Rf8 $16 32. Bxb4 cxb4) 32. Rh1 (32. g4 $18) 32... Qg7 33. Rh2 Kg8 (33... Rbb8 $16) 34. Kh1 {And now g4 would win.} Qe7 $2 {[#]} (34... Rbb8 $16 35. Bxa5 Rb7) 35. Qe1 (35. g4 $18) 35... Kf7 (35... Bg7 $16 36. Bc3 (36. Bxb4 cxb4 37. Rhf2 Nc5 $16) 36... Rb7 37. Bxa5 Nf6) 36. Qf1 Rh8 37. g4 hxg4 38. fxg4 Bxh4 39. gxf5 Rbb8 (39... g5 $16 {is a better defense.}) 40. fxg6+ $18 Kg7 41. Qh3 ({Much less strong is} 41. Bxa5 Rbf8) 41... Nf6 $2 {[#]} (41... Rbf8 42. Qe6 (42. Bxa5 Nf6 $16) 42... Qxe6 43. dxe6 Nf6) 42. Reg2 Rbf8 43. Qxh4 Rxh4 44. Rxh4 Rh8 45. Rxh8 Kxh8 46. g7+ Kg8 47. Bf5 e4 48. Bc3 {Accuracy: White = 77%, Black = 49%.} 1-0

[Event "AUT-ch Open 2020"]
[Site "Graz"]
[Date "2020.02.15"]
[Round "2.2"]
[White "Ufimtsev, Egor"]
[Black "Gavrilescu, David"]
[Result "0-1"]
[WhiteElo "2174"]
[BlackElo "2455"]
[Annotator "ChessBase"]
[PlyCount "144"]
[EventDate "2020.02.14"]
[EventType "swiss"]
[EventCountry "AUT"]
[SourceTitle "playchess.com"]
[Source "ChessBase"]
[SourceQuality "1"]
[TimeControl "40/5400+30:1800+30"]

1. d4 {[%emt 0:00:00]} Nf6 {[%emt 0:00:00]} 2. c4 {[%emt 0:00:00]} e6 {[%emt 0:00:19]} 3. Nc3 {[%emt 0:00:23]} Bb4 {[%emt 0:00:41]} 4. Qc2 {[%emt 0:00:48]} d5 {[%emt 0:00:43]} 5. cxd5 {[%emt 0:00:29]} Qxd5 {[%emt 0:00:16]} 6. Nf3 {[%emt 0:00:21]} Qf5 {[%emt 0:00:44]} 7. Qxf5 {[%emt 0:05:54]} exf5 {[%emt 0:00:19]} 8. a3 {[%emt 0:00:02]} Be7 {[%emt 0:03:23]} 9. Bf4 {[%emt 0:00:23]} c6 {[%emt 0:01:31]} 10. e3 {[%emt 0:02:33]} Be6 {[%emt 0:06:16]} 11. Nd2 {[%emt 0:04:59]} Nbd7 {[%emt 0:06:52]} 12. Nc4 {[%emt 0:00:54]} Nh5 {[%emt 0:11:21]} 13. Bc7 {[%emt 0:18:14]} O-O {[%emt 0:08:40]} 14. Nd6 {[%emt 0:07:48]} b6 {[%emt 0:18:04]} 15. Ba6 {[%emt 0:04:28]} Bd8 {[%emt 0:00:43]} 16. Bxd8 {[%emt 0:08:30]} Raxd8 {[%emt 0:00:13]} 17. Be2 {[%emt 0:06:19]} Nhf6 {[%emt 0:01:58]} 18. O-O {[%emt 0:02:41]} c5 {[%emt 0:03:52]} 19. Rfd1 {[%emt 0:08:57]} cxd4 {[%emt 0:02:09]} 20. Rxd4 {[%emt 0:00:13]} Nc5 {[%emt 0:02:18]} 21. Rad1 {[%emt 0:03:59]} Nb3 {[%emt 0:04:42]} 22. R4d3 {[%emt 0:03:43]} Rd7 {[%emt 0:01:41]} 23. e4 {[%emt 0:04:48]} Nc5 {[%emt 0:06:21]} 24. Rd4 {[%emt 0:00:14]} Bb3 {[%emt 0:05:57]} 25. R1d2 {[%emt 0:00:50]} Rxd6 {[%emt 0:00:27]} 26. Rxd6 {[%emt 0:00:20]} Nfxe4 {[%emt 0:00:09]} 27. Nxe4 {[%emt 0:00:52]} Nxe4 {[%emt 0:00:03]} 28. R2d3 {[%emt 0:04:31]} Nxd6 {[%emt 0:00:45]} 29. Rxb3 {[%emt 0:00:03]} Re8 {[%emt 0:00:29]} 30. Kf1 {[%emt 0:01:55]} g6 {[%emt 0:00:07]} 31. Rd3 {[%emt 0:00:57]} Re6 {[%emt 0:00:32]} 32. Rd4 {[%emt 0:00:39]} Ne4 {[%emt 0:02:06]} 33. f3 {[%emt 0:02:34]} Nf6 {[%emt 0:02:46]} 34. Bb5 {[%emt 0:01:00]} Kg7 {[%emt 0:00:57]} 35. b4 {[%emt 0:01:24]} Re5 {[%emt 0:03:02]} 36. Bc6 {[%emt 0:00:28]} Re3 {[%emt 0:00:49]} 37. a4 {[%emt 0:00:28]} Rc3 {[%emt 0:01:00]} 38. Bb5 {[%emt 0:00:59]} Rc2 {[%emt 0:01:35]} 39. a5 {[%emt 0:00:40]} bxa5 {[%emt 0:00:18]} 40. bxa5 {[%emt 0:00:05]} Rc5 {[%emt 0:00:06]} 41. Rb4 {[%emt 0:30:18]} Nd5 {[%emt 0:30:18]} 42. Rb3 {[%emt 0:00:51]} Nc7 {[%emt 0:00:00]} 43. Bd7 {[%emt 0:00:00]} Rd5 {[%emt 0:00:00]} 44. Bc6 {[%emt 0:00:00]} Rxa5 {[%emt 0:00:00]} 45. Rb7 {[%emt 0:00:00]} Ne6 {[%emt 0:00:00]} 46. Be8 {[%emt 0:00:00]} Ra1+ {[%emt 0:00:00]} 47. Kf2 {[%emt 0:00:00]} Ra2+ {[%emt 0:00:00]} 48. Kf1 {[%emt 0:00:00]} Nf4 {[%emt 0:00:00]} 49. Rxf7+ {[%emt 0:00:00]} Kh6 {[%emt 0:00:00]} 50. g4 {[%emt 0:00:00]} Nd5 {[%emt 0:00:00]} 51. h3 {[%emt 0:00:00]} Kg5 {[%emt 0:00:00]} 52. gxf5 {[%emt 0:00:00]} Ne3+ {[%emt 0:01:42]} 53. Ke1 {[%emt 0:00:00]} gxf5 {[%emt 0:02:20]} 54. Rxh7 {[%emt 0:00:00]} Kf4 {[%emt 0:00:05]} 55. Bc6 {[%emt 0:00:00]} Nc2+ {[%emt 0:01:06]} 56. Kd1 {[%emt 0:00:00]} Nd4 {[%emt 0:00:05]} 57. Bd5 {[%emt 0:00:00]} Ra5 {[%emt 0:00:26]} 58. Ba8 {[%emt 0:00:00]} Nxf3 {[%emt 0:04:06]} 59. Bxf3 {[%emt 0:00:00]} Kxf3 {[%emt 0:00:02]} 60. h4 {[%emt 0:00:00]} f4 {[%emt 0:02:16]} 61. h5 {[%emt 0:00:00]} Rc5 {[%emt 0:02:04]} 62. h6 {[%emt 0:02:06]} Rc6 {[%emt 0:00:04]} 63. Rxa7 {[%emt 0:02:54]} Rxh6 {[%emt 0:00:02]} 64. Re7 {[%emt 0:00:41]} Rh1+ {[%emt 0:00:47]} 65. Kd2 {[%emt 0:00:03]} Kg3 {[%emt 0:00:10]} 66. Rg7+ {[%emt 0:00:07]} Kf2 {[%emt 0:00:05]} 67. Rf7 {[%emt 0:00:08]} f3 {[%emt 0:00:02]} 68. Rg7 {[%emt 0:00:09]} Rh8 {[%emt 0:00:09]} 69. Rd7 {[%emt 0:00:13]} Re8 {[%emt 0:00:05]} 70. Rd6 {[%emt 0:00:03]} Kf1 {[%emt 0:00:06]} 71. Rd7 {[%emt 0:01:01]} f2 {[%emt 0:00:05]} 72. Rd6 {[%emt 0:00:02]} Rg8 {[%emt 0:00:04]} 0-1

[Event "AUT-ch Open 2020"]
[Site "Graz"]
[Date "2020.02.15"]
[Round "2.3"]
[White "Barp, Alberto"]
[Black "Shevchenko, Kirill"]
[Result "0-1"]
[WhiteElo "2580"]
[BlackElo "2580"]
[Annotator "TA"]
[PlyCount "60"]
[EventDate "2020.02.14"]
[EventType "swiss"]
[EventCountry "AUT"]
[SourceTitle "playchess.com"]
[Source "ChessBase"]
[SourceQuality "1"]

{[%evp 20,60,2,0,0,2,12,13,0,-15,0,-60,-33,-46,-46,-51,0,-18,-27,-83,-70,-87,-84,-118,-124,-128,-127,-127,-120,-120,-115,-135,-130,-186,-189,-251,-250,-473,-468,-425,-442,-431,-405]} 1. d4 Nf6 2. Nf3 g6 3. g3 Bg7 4. Bg2 O-O 5. O-O d5 6. c4 Nc6 7. cxd5 Nxd5 8. e4 Nb6 9. d5 Na5 10. Nc3 c6 11. Bf4 Bxc3 {D76: Fianchetto Grünfeld: Main Line with 7...Nb6.} 12. bxc3 {Black should prevent Bh6.} cxd5 13. exd5 Qxd5 {[#] The position is equal.} 14. Qe2 $146 ({Predecessor:} 14. Re1 Qxd1 15. Raxd1 Re8 16. Bg5 Nc6 17. Nd4 Bg4 18. Nxc6 Bxd1 19. Nxe7+ Kg7 20. Bxb7 {½-½ (42) Ragger,M (2614)-Cheparinov,I (2664) Aix les Bains 2011}) 14... Qc4 15. Qd2 ({White should try} 15. Qxe7 $11 Nd5 {[%mdl 64] Double Attack} 16. Qg5) 15... Be6 16. Be5 {White wants to play Qh6.} f6 17. Bd4 Nc6 18. Rfe1 Bf7 $36 {[%mdl 2048] White is under pressure.} 19. Bxb6 (19. Qh6 $11 {remains equal.} Nxd4 20. cxd4) 19... axb6 $17 20. Qd7 Rab8 21. Nd4 {[%cal Rd4c6]} Rfd8 22. Qc7 {[%cal Rd4c6]} Nxd4 23. Qxc4 Bxc4 24. cxd4 Kf8 25. Rab1 b5 26. Rb4 (26. Red1 $17) 26... Rxd4 $19 27. Rc1 (27. a3 {keeps fighting.}) 27... Ra8 28. Ra1 $2 (28. Bf1) 28... Rxa2 {[%mdl 64] [#] Overworked Piece. Black is clearly winning.} 29. Rxa2 {Hoping for Ra1.} Rd1+ 30. Bf1 Bxa2 {Accuracy: White = 48%, Black = 88%.} 0-1

[Event "AUT-ch Open 2020"]
[Site "Graz"]
[Date "2020.02.15"]
[Round "2.3"]
[White "Cosman, Andreea-Marioara"]
[Black "Blohberger, Felix"]
[Result "1/2-1/2"]
[WhiteElo "2165"]
[BlackElo "2448"]
[Annotator "ChessBase"]
[PlyCount "81"]
[EventDate "2020.02.14"]
[EventType "swiss"]
[EventCountry "AUT"]
[SourceTitle "playchess.com"]
[Source "ChessBase"]
[SourceQuality "1"]
[TimeControl "40/5400+30:1800+30"]

1. d4 {[%emt 0:00:00]} Nf6 {[%emt 0:00:00]} 2. c4 {[%emt 0:00:00]} e6 {[%emt 0:00:00]} 3. Nc3 {[%emt 0:00:00]} Bb4 {[%emt 0:00:00]} 4. e3 {[%emt 0:00:00]} O-O {[%emt 0:00:06]} 5. Nge2 {[%emt 0:00:00]} Re8 {[%emt 0:00:06]} 6. a3 {[%emt 0:03:02]} Bf8 {[%emt 0:00:05]} 7. d5 {[%emt 0:00:42]} a5 {[%emt 0:00:33]} 8. g3 {[%emt 0:03:28]} Na6 {[%emt 0:00:14]} 9. Bg2 {[%emt 0:07:20]} Nc5 {[%emt 0:00:10]} 10. b3 {[%emt 0:00:58]} exd5 {[%emt 0:00:23]} 11. cxd5 {[%emt 0:07:56]} b6 {[%emt 0:00:52]} 12. O-O {[%emt 0:02:55]} Ba6 {[%emt 0:00:04]} 13. Ra2 {[%emt 0:05:25]} Nd3 {[%emt 0:05:49]} 14. Rd2 {[%emt 0:05:06]} Nxc1 {[%emt 0:01:44]} 15. Qxc1 {[%emt 0:00:06]} b5 {[%emt 0:02:17]} 16. Rfd1 {[%emt 0:08:41]} Rb8 {[%emt 0:27:10]} 17. Rc2 {[%emt 0:03:28]} b4 {[%emt 0:06:21]} 18. axb4 {[%emt 0:03:05]} Bxb4 {[%emt 0:04:19]} 19. Nd4 {[%emt 0:01:27]} Bb7 {[%emt 0:15:28]} 20. Ncb5 {[%emt 0:10:28]} Nxd5 {[%emt 0:15:39]} 21. Nxc7 {[%emt 0:12:53]} Nxc7 {[%emt 0:00:56]} 22. Rxc7 {[%emt 0:00:08]} Bxg2 {[%emt 0:01:50]} 23. Kxg2 {[%emt 0:00:07]} Rc8 {[%emt 0:07:27]} 24. Rc4 {[%emt 0:05:04]} Rxc4 {[%emt 0:02:24]} 25. Qxc4 {[%emt 0:00:11]} Qa8+ {[%emt 0:01:53]} 26. Kg1 {[%emt 0:07:30]} g6 {[%emt 0:01:03]} 27. Rc1 {[%emt 0:05:49]} Qb7 {[%emt 0:01:18]} 28. Qb5 {[%emt 0:02:12]} Qxb5 {[%emt 0:00:59]} 29. Nxb5 {[%emt 0:00:06]} Rb8 {[%emt 0:00:17]} 30. Nd4 {[%emt 0:00:41]} Be7 {[%emt 0:02:17]} 31. Rc7 {[%emt 0:02:37]} Bf6 {[%emt 0:00:08]} 32. Ra7 {[%emt 0:00:21]} Bxd4 {[%emt 0:00:15]} 33. exd4 {[%emt 0:00:04]} Rxb3 {[%emt 0:00:06]} 34. Rxa5 {[%emt 0:00:09]} Kf8 {[%emt 0:00:29]} 35. Kf1 {[%emt 0:04:11]} Rb4 {[%emt 0:00:51]} 36. Rd5 {[%emt 0:00:07]} Ke7 {[%emt 0:00:07]} 37. Ke2 {[%emt 0:00:22]} f6 {[%emt 0:03:23]} 38. Ke3 {[%emt 0:00:10]} Rb3+ {[%emt 0:00:30]} 39. Ke2 {[%emt 0:00:16]} Rb4 {[%emt 0:00:50]} 40. Ke3 {[%emt 0:00:06]} Rb3+ {[%emt 0:01:00]} 41. Ke2 {[%emt 0:30:06]} 1/2-1/2